India decides: elections 1952-1991 (Record no. 15332)

MARC details
000 -LEADER
fixed length control field 00492nam a2200181Ia 4500
082 ## - DEWEY DECIMAL CLASSIFICATION NUMBER
Classification number RR 324.954 BUT-I
100 ## - MAIN ENTRY--AUTHOR NAME
Personal name Bulter, David
245 #0 - TITLE STATEMENT
Title India decides: elections 1952-1991
260 ## - PUBLICATION, DISTRIBUTION, ETC. (IMPRINT)
Place of publication New Delhi
Name of publisher Living Media India
Year of publication 1989
300 ## - PHYSICAL DESCRIPTION
Number of Pages 380p.
504 ## - BIBLIOGRAPHY, ETC. NOTE
Bibliography, etc Includes bibliography/Ref.book
650 ## - SUBJECT ADDED ENTRY--TOPICAL TERM
Topical Term Elections - India - 1952-199
650 ## - SUBJECT ADDED ENTRY--TOPICAL TERM
Topical Term India decides
650 ## - SUBJECT ADDED ENTRY--TOPICAL TERM
Topical Term Elections - Statistics - India
700 ## - ADDED ENTRY--PERSONAL NAME
Personal name Roy , Prannoy
700 ## - ADDED ENTRY--PERSONAL NAME
Personal name Lahiri, Ashok
942 ## - ADDED ENTRY ELEMENTS (KOHA)
Koha item type Books
Holdings
Withdrawn status Lost status Damaged status Not for loan Home library Current library Date acquired Bill Date Full call number Accession Number Price effective from Koha item type
        NASSDOC Library NASSDOC Library 08/06/2004 2008-12-30 RR 324.954 BUT-I 31555 18/04/2019 Books